| 000 | 00997nam a2200229Ia 4500 | ||
|---|---|---|---|
| 999 |
_c35718 _d35718 |
||
| 001 | 1591 | ||
| 003 | GE_BSU | ||
| 005 | 20210215134958.0 | ||
| 008 | 181216s2008||||ge |||||||||||||| ||geo|| | ||
| 020 | _a9789941121760 | ||
| 040 | _cGE_BSU | ||
| 041 | _ageo | ||
| 080 | _a665.5/.7 მ-50 | ||
| 245 |
_aმეთოდური მითითება სამაგისტრო ნაშრომის (პროექტის) შესრულებისათვის / _cშემდ. მამულაიშვილი, ნ. და სხვ. |
||
| 264 |
_aთბილისი : _bუნივერსალი, _c2008. |
||
| 300 |
_a80 გვ.: _b20 სმ. |
||
| 653 | _aსამაგისტრო ნაშრომის შესრულება. | ||
| 653 | _aპროექტი | ||
| 653 | _aმეთოდური მითითება | ||
| 700 |
_aმამულაიშვილი, ნ. _eშემდგენელი _91823 |
||
| 942 |
_cBK _2udc |
||